000
00345nam a2200145Ia 4500
008
090124s9999 xx 000 0 und d
082
_b
9176
_a
2164
245
_a
रुप कथ्यक
250
_a
1
260
_c
1956
300
_a
50
630
_a
रुप कथ्यक
730
_a
रुप कथ्यक
942
_c
BOOK
999
_c
123223
_d
123223